Shiksha vol-I(H. S. 1st yr.) (Record no. 2180)

MARC details
000 -LEADER
fixed length control field 00467cam a2200193ua 4500
001 - CONTROL NUMBER
control field 2323
005 - DATE AND TIME OF LATEST TRANSACTION
control field 20260515113455.0
008 - FIXED-LENGTH DATA ELEMENTS--GENERAL INFORMATION
fixed length control field 110806n ii |||gr||||Z||||||asm
040 ## - CATALOGING SOURCE
Transcribing agency MAIN
082 ## - DEWEY DECIMAL CLASSIFICATION NUMBER
Classification number 370
100 ## - MAIN ENTRY--PERSONAL NAME
Personal name Sharma, Mukul Kr.,
245 1# - TITLE STATEMENT
Title Shiksha vol-I(H. S. 1st yr.)
Statement of responsibility, etc. by Mukul Kr. Sharma
250 ## - EDITION STATEMENT
Edition statement 3rd.
260 ## - PUBLICATION, DISTRIBUTION, ETC.
Place of publication, distribution, etc. Dibrugarh:
Name of publisher, distributor, etc. Students emporium,992.
300 ## - PHYSICAL DESCRIPTION
Extent vi; 252p:
Dimensions 23cm.
653 ## - INDEX TERM--UNCONTROLLED
Uncontrolled term Education
653 ## - INDEX TERM--UNCONTROLLED
Uncontrolled term Shiksha
942 ## - ADDED ENTRY ELEMENTS (KOHA)
Koha item type Books
Holdings
Withdrawn status Lost status Damaged status Not for loan Home library Current library Shelving location Date acquired Total checkouts Full call number Barcode Date last seen Copy number Price effective from Koha item type
        Naharkatiya College Library Naharkatiya College Library General stacks 09/19/2020   370 | SHA 11155 09/19/2020 1 09/19/2020 Books